000 00337nam a22001217a 4500
008 180512b xxu||||| |||| 00| 0 eng d
041 _aeng
080 _a043.3
100 _a0
101 _aSHKI-MA
245 _aAn Analysis of the Existing Technology and Compare with Cellular Networks Kosovo Infrastructure
_cMuja, L
942 _2udc
_cBK
999 _c45726
_d45726